000 00244nam a22001217a 4500
003 SGT
082 _a823
_bDIG
100 _aDIGBY ANNE
245 _aTHE NAUGHTIEST GIRL
260 _aUK
_bENID BLYTON
_c2015
300 _a137
942 _2ddc
_cBK
999 _c33462
_d33462